Ngữ văn 11 nâng cao :
محفوظ في:
| المؤلف الرئيسي: | |
|---|---|
| التنسيق: | كتاب |
| اللغة: | Undetermined |
| منشور في: |
Hà Nội
Giáo dục
2010
|
| الموضوعات: | |
| الوسوم: |
إضافة وسم
لا توجد وسوم, كن أول من يضع وسما على هذه التسجيلة!
|
| Thư viện lưu trữ: | Trung tâm Học liệu Trường Đại học Cần Thơ |
|---|
| LEADER | 00644nam a2200205Ia 4500 | ||
|---|---|---|---|
| 001 | CTU_158794 | ||
| 008 | 210402s9999 xx 000 0 und d | ||
| 020 | |c 10300 | ||
| 082 | |a 895.9220712 | ||
| 082 | |b S550/T.2 | ||
| 100 | |a Trần, Đình Sử | ||
| 245 | 0 | |a Ngữ văn 11 nâng cao : | |
| 245 | 0 | |c Trần Đình Sử ( tổng chủ biên ) ... [ et al. ] | |
| 260 | |a Hà Nội | ||
| 260 | |b Giáo dục | ||
| 260 | |c 2010 | ||
| 650 | |a Vietnamese literature,Văn học Việt Nam | ||
| 650 | |x Teacher's book,Sách giáo viên | ||
| 904 | |i QHieu | ||
| 980 | |a Trung tâm Học liệu Trường Đại học Cần Thơ | ||